000 00326nam a2200145Ia 4500
100 _aKoosis/ Donald/ Koosis/David
942 _cBK
654 _aComputer
245 _aJava programming for Dummies
260 _bComdex Pub
_aNew Delhi
_c1996
082 _a5.133
_bKOO
300 _a366
546 _aENGLISH
999 _c31756
_d31756